000 00678nam a22002057a 4500
999 _c194172
_d194172
005 20221209111222.0
010 _aUR-11779
020 _a9789392496998
_c300.00
035 _aU-10334
037 _bDBAD/PUB
_a-
082 _a841
100 _aظفر انصاری ظفر
245 _aحرف حق /
_cظفر انصاری ظفر
_hا ر د و
246 _aHarf-E-Haq /
_bby Zafar Ansari Zafar ; compiled by Umair Husami
260 _aNew Delhi
_bEducational Publishing House
_c2021 ء
270 _aH.O. D1/16, Ansari Road, Daryaganj
_bNew Delhi
_e110002
300 _a264 ص
_c23cm(Hb)
700 _aعمیر حسامی
942 _2ddc
_cUR
_h841
_mظ ف ر